[Event "SC Gronau 1 - SK Dülmen 1"]
[Site "Regionalliga 2015/2016"]
[Date "2016.02.27"]
[Round "7.4"]
[White "Lütkehermölle, Martin"]
[Black "Grund, Wolfgang"]
[Result "0-1"]
[WhiteElo "1931"]
[BlackElo "1856"]
[PlyCount "73"]
[EventDate "2016.??.??"]
[SourceDate "2015.09.11"]

1. e4 c5 2. Nf3 Nc6 3. d4 cxd4 4. Nxd4 e5 5. Nb5 a6 6. Nd6+ Bxd6 7. Qxd6 Qf6 8.
Qd1 Nge7 9. Nc3 d6 10. Be3 O-O 11. Be2 b5 12. a4 b4 13. Nd5 Nxd5 14. Qxd5 Bb7
15. O-O Nd8 16. Qd3 Rc8 17. Bf3 Rc6 18. a5 Ne6 19. Qd2 Rc4 20. b3 Nd4 21. Bxd4
Rxd4 22. Qe2 Qg6 23. Rfe1 Rc8 24. Rad1 Rxd1 25. Rxd1 h6 26. Kf1 Rc5 27. Ra1 Bc6
28. Qd2 Bxe4 29. Bxe4 Qxe4 30. Rc1 Rd5 31. Qe1 Qxe1+ 32. Kxe1 Rxa5 33. c3 Rc5
34. c4 d5 35. Ra1 dxc4 36. bxc4 a5 37. Kd2 0-1

[Event "SC Gronau 1 - SK Dülmen 1"]
[Site "Regionalliga 2015/2016"]
[Date "2016.02.27"]
[Round "7.5"]
[White "Stegemann, Norbert"]
[Black "Reinhold, Klaus"]
[Result "0-1"]
[WhiteElo "1972"]
[BlackElo "1900"]
[PlyCount "94"]
[EventDate "2016.??.??"]
[SourceDate "2015.09.11"]

1. c4 c6 2. g3 d5 3. Bg2 Nf6 4. Nf3 Bf5 5. O-O e6 6. b3 Be7 7. Bb2 Nbd7 8. d3
O-O 9. Nbd2 h6 10. Re1 Bh7 11. e4 a5 12. e5 Ne8 13. d4 a4 14. a3 axb3 15. Qxb3
Qb6 16. Re3 Qa7 17. cxd5 cxd5 18. Bc3 Nc7 19. Bb4 Bxb4 20. Qxb4 Rfc8 21. Bf1
Na6 22. Qb5 Rc7 23. Bd3 Bxd3 24. Rxd3 Nab8 25. Rb1 Qa4 26. Rdb3 Qxb5 27. Rxb5
b6 28. R5b3 Rc2 29. Ra1 Nc6 30. Kf1 Nxd4 31. Nxd4 Rxd2 32. Nf3 Rc2 33. Ne1 Rc4
34. Nd3 Nc5 35. Nxc5 bxc5 36. Rab1 Rca4 37. Rb8+ Rxb8 38. Rxb8+ Kh7 39. Rb3 c4
40. Rf3 Kg6 41. Ke2 f6 42. exf6 gxf6 43. Re3 e5 44. f4 d4 45. Rf3 d3+ 46. Ke3
Rxa3 47. Rf2 d2+ 0-1

[Event "SC Gronau 1 - SK Dülmen 1"]
[Site "Regionalliga 2015/2016"]
[Date "2016.02.27"]
[Round "7.6"]
[White "Rothkegel, Jürgen"]
[Black "Rebber, Christian"]
[Result "0-1"]
[WhiteElo "1866"]
[BlackElo "1848"]
[PlyCount "68"]
[EventDate "2016.??.??"]
[SourceDate "2015.09.11"]

1. e4 c6 2. d4 d5 3. Nc3 dxe4 4. Nxe4 Bf5 5. Ng3 Bg6 6. Nf3 Nd7 7. Bd3 Bxd3 8.
Qxd3 Qc7 9. Bd2 e6 10. O-O Ngf6 11. c4 Be7 12. Rac1 O-O 13. Bc3 Rad8 14. Qe2
Rfe8 15. Ne5 Nf8 16. Ne4 Nxe4 17. Qxe4 f5 18. Qe2 Bf6 19. f4 g6 20. Rfd1 Qg7
21. Kh1 Qc7 22. Qf3 Nd7 23. Nd3 c5 24. d5 Bxc3 25. Rxc3 Nf6 26. dxe6 Ne4 27.
Rcc1 Rxe6 28. Ne5 Red6 29. Kg1 Rd2 30. Rxd2 Rxd2 31. h3 Qd6 32. Qb3 Qd4+ 33.
Kh2 Qf2 34. Rg1 Qxf4+ 0-1

[Event "SC Gronau 1 - SK Dülmen 1"]
[Site "Regionalliga 2015/2016"]
[Date "2016.02.27"]
[Round "7.7"]
[White "Lödding, Detlef"]
[Black "Reckzügel, Philipp"]
[Result "0-1"]
[WhiteElo "1877"]
[BlackElo "1894"]
[PlyCount "82"]
[EventDate "2016.??.??"]
[SourceDate "2015.09.11"]

1. g3 Nf6 2. Bg2 d5 3. Nf3 e6 4. O-O Bd6 5. d4 O-O 6. c4 b6 7. cxd5 exd5 8. Nc3
c6 9. b3 Re8 10. Bb2 Nbd7 11. e3 Ba6 12. Re1 Rc8 13. Rc1 Qe7 14. Bf1 Bxf1 15.
Rxf1 Ne4 16. Nxe4 dxe4 17. Nd2 b5 18. Kg2 Nf6 19. Nb1 Nd5 20. a3 a5 21. Qd2 Qf6
22. f4 exf3+ 23. Rxf3 Qg5 24. Re1 b4 25. a4 Re4 26. Qf2 Rce8 27. Bc1 f6 28. Kh1
h5 29. Rf5 Qg4 30. Kg2 h4 31. Bd2 hxg3 32. hxg3 Bxg3 33. Qxg3 Qxf5 34. Qf3
Qxf3+ 35. Kxf3 g5 36. Rc1 R8e6 37. Rc5 Nxe3 38. Rxa5 Rf4+ 39. Kg3 Nf1+ 40. Kh3
Nxd2 41. Nxd2 Re3+ 0-1

[Event "SC Gronau 1 - SK Dülmen 1"]
[Site "Regionalliga 2015/2016"]
[Date "2016.02.27"]
[Round "7.8"]
[White "Binger, Friedhelm"]
[Black "Kötting, Hans-Erich"]
[Result "0-1"]
[WhiteElo "1735"]
[BlackElo "1854"]
[PlyCount "58"]
[EventDate "2016.??.??"]
[SourceDate "2015.09.11"]

1. e4 c5 2. Nf3 d6 3. d4 cxd4 4. Nxd4 Nf6 5. Nc3 a6 6. Be2 b5 7. a3 e5 8. Nb3
Be7 9. Be3 O-O 10. O-O Bb7 11. f3 d5 12. exd5 Nxd5 13. Nxd5 Bxd5 14. c3 Nc6 15.
Qc2 Qc7 16. Rad1 Rfd8 17. Rd2 Qc8 18. Nc1 Qe6 19. b4 Rac8 20. Qb2 Bf6 21. Nd3
Nb8 22. Nc5 Qc6 23. Rc2 Nd7 24. Rd1 Nb6 25. Qc1 Be7 26. Rcd2 h5 27. Kf2 f5 28.
Kg1 h4 29. Kf2 f4 0-1

[Event "Südlohner SV 1 - SC Steinfurt 1"]
[Site "Regionalliga 2015/2016"]
[Date "2016.02.27"]
[Round "7.1"]
[White "Haselhorst, Helmut"]
[Black "Dönnebrink, Elmar"]
[Result "1/2-1/2"]
[WhiteElo "2075"]
[BlackElo "2054"]
[PlyCount "50"]
[EventDate "2016.??.??"]
[SourceDate "2015.09.11"]

1. d4 Nf6 2. Nf3 g6 3. c4 Bg7 4. Nc3 O-O 5. e4 d6 6. Be2 Nbd7 7. O-O e5 8. Re1
exd4 9. Nxd4 Nc5 10. f3 Re8 11. Be3 a5 12. Qd2 Qd7 13. Rad1 b6 14. Kh1 Bb7 15.
Bf1 h5 16. b3 Kh7 17. Ndb5 Bc6 18. Qc1 Qc8 19. h3 Nfd7 20. Nd4 Bb7 21. Nd5 Nf6
22. Nb5 Nxd5 23. cxd5 Ba6 24. Bd4 Bh6 25. Be3 Bg7 1/2-1/2

[Event "Südlohner SV 1 - SC Steinfurt 1"]
[Site "Regionalliga 2015/2016"]
[Date "2016.02.27"]
[Round "7.2"]
[White "Funke, Reinhard"]
[Black "Engels, Natia"]
[Result "0-1"]
[WhiteElo "2061"]
[BlackElo "2016"]
[PlyCount "52"]
[EventDate "2016.??.??"]
[SourceDate "2015.09.11"]

1. d4 Nf6 2. Nf3 g6 3. c4 Bg7 4. g3 O-O 5. Bg2 c5 6. O-O cxd4 7. Nxd4 Nc6 8.
Nc3 Ng4 9. e3 Nge5 10. Qe2 d6 11. Rd1 Bg4 12. f3 Bd7 13. Bd2 Qc8 14. b3 Bh3 15.
Bh1 h5 16. Rac1 Re8 17. Be1 Nxd4 18. exd4 Nc6 19. Bf2 e5 20. dxe5 dxe5 21. Nb5
Nd4 22. Bxd4 exd4 23. Qf2 Qc5 24. Nxd4 Rad8 25. Nb5 Bf8 26. Nc3 Qxf2+ 0-1

[Event "Südlohner SV 1 - SC Steinfurt 1"]
[Site "Regionalliga 2015/2016"]
[Date "2016.02.27"]
[Round "7.3"]
[White "Grälken, Matthias"]
[Black "Kolakovic, Klaudio"]
[Result "0-1"]
[WhiteElo "2018"]
[BlackElo "1974"]
[PlyCount "80"]
[EventDate "2016.??.??"]
[SourceDate "2015.09.11"]

1. d4 Nf6 2. Nf3 d6 3. c4 Bg4 4. Nc3 Bxf3 5. gxf3 Nc6 6. d5 Ne5 7. e4 g6 8. Be2
Bg7 9. f4 Ned7 10. Be3 c5 11. Qd2 Qa5 12. h4 O-O-O 13. O-O-O Ne8 14. h5 Bxc3
15. bxc3 Nef6 16. Qc2 gxh5 17. f3 Rhg8 18. Rdg1 Kb8 19. Bf2 Rxg1+ 20. Rxg1 Rg8
21. Rxg8+ Nxg8 22. Bf1 a6 23. Kd2 Kc7 24. Bh4 f5 25. Bh3 fxe4 26. fxe4 Nb6 27.
Qb3 Nf6 28. Kd3 Nxc4 29. Be6 b5 30. Qc2 Qa3 31. Ke2 b4 32. e5 Ne8 33. Bxe7 bxc3
34. exd6+ Nexd6 35. Bf8 Qb2 36. Kd3 Ne5+ 37. fxe5 c4+ 38. Kd4 Nb5+ 39. Kxc4
Na3+ 40. Kc5 Qb6# 0-1

[Event "Südlohner SV 1 - SC Steinfurt 1"]
[Site "Regionalliga 2015/2016"]
[Date "2016.02.27"]
[Round "7.4"]
[White "Völker, Christian"]
[Black "Wild, Helmut"]
[Result "1/2-1/2"]
[WhiteElo "2037"]
[BlackElo "1932"]
[PlyCount "40"]
[EventDate "2016.??.??"]
[SourceDate "2015.09.11"]

1. d4 d5 2. e4 c6 3. Nc3 dxe4 4. Nxe4 Bf5 5. Ng3 Bg6 6. Nf3 Nd7 7. Bc4 e6 8.
O-O Ngf6 9. Re1 Be7 10. c3 O-O 11. Qe2 Re8 12. Nh4 c5 13. Nxg6 hxg6 14. Be3 a6
15. Rad1 b5 16. dxc5 Qc7 17. Bb3 Ne5 18. Bc2 Rad8 19. Rxd8 Rxd8 20. Rd1 Nd5
1/2-1/2

[Event "Südlohner SV 1 - SC Steinfurt 1"]
[Site "Regionalliga 2015/2016"]
[Date "2016.02.27"]
[Round "7.5"]
[White "Yust, Evgeniy"]
[Black "Darwisch, Khaled"]
[Result "0-1"]
[WhiteElo "1924"]
[BlackElo "2020"]
[PlyCount "76"]
[EventDate "2016.??.??"]
[SourceDate "2015.09.11"]

1. e4 d6 2. Nc3 g6 3. g3 Bg7 4. Bg2 e5 5. d3 Ne7 6. Bg5 h6 7. Be3 c6 8. d4 Nd7
9. Qd2 Nb6 10. b3 Be6 11. a4 f5 12. Nge2 fxe4 13. Nxe4 Nbd5 14. dxe5 dxe5 15.
Bc5 b6 16. Nd6+ Kf8 17. Ba3 Kg8 18. Rd1 Kh7 19. Ne4 Nf5 20. O-O Qc8 21. c4 Nf6
22. Qc2 Rb8 23. Rd2 c5 24. Nd6 Qc7 25. Nxf5 Bxf5 26. Qc1 h5 27. Bb2 Rhe8 28.
Qa1 Bh6 29. f4 Ng4 30. Rd5 exf4 31. Nxf4 Qe7 32. Bc1 Bg7 33. Qa2 Bd4+ 34. Kh1
Be4 35. h3 Nf6 36. Qd2 Nxd5 37. Nxd5 Bxg2+ 38. Kxg2 Qe2+ 0-1

[Event "Südlohner SV 1 - SC Steinfurt 1"]
[Site "Regionalliga 2015/2016"]
[Date "2016.02.27"]
[Round "7.6"]
[White "Hater, Wolfgang"]
[Black "Janning, Rainer"]
[Result "1/2-1/2"]
[WhiteElo "2030"]
[BlackElo "1849"]
[PlyCount "83"]
[EventDate "2016.??.??"]
[SourceDate "2015.09.11"]

1. e4 c6 2. d3 d5 3. Qe2 e6 4. Nf3 Be7 5. Nbd2 Nf6 6. g3 O-O 7. Bg2 b6 8. O-O
Bb7 9. Re1 Nbd7 10. e5 Ne8 11. Nf1 c5 12. h4 Rc8 13. N1h2 a6 14. Ng4 g6 15. Ng5
Bxg5 16. Bxg5 Qc7 17. Bh6 Ng7 18. Qd2 f5 19. exf6 Nxf6 20. Ne5 Rce8 21. Bh3 Bc8
22. Re2 Re7 23. Rae1 Ree8 24. Bf4 Qb7 25. Ng4 Nxg4 26. Bxg4 Nf5 27. Be5 Rf7 28.
h5 Qe7 29. hxg6 hxg6 30. c3 Rh7 31. Bf4 Qf7 32. Bf3 Rf8 33. Bg4 Bd7 34. Re5 Bc8
35. d4 c4 36. Kg2 Qg7 37. Rxe6 Bxe6 38. Rxe6 Qd7 39. Rxg6+ Rg7 40. Rxg7+ Qxg7
41. Qe2 Qf6 42. Bh5 1/2-1/2

[Event "Südlohner SV 1 - SC Steinfurt 1"]
[Site "Regionalliga 2015/2016"]
[Date "2016.02.27"]
[Round "7.7"]
[White "Schlitter, Klaus"]
[Black "Telöken, Andreas"]
[Result "1/2-1/2"]
[WhiteElo "1877"]
[BlackElo "1990"]
[PlyCount "87"]
[EventDate "2016.??.??"]
[SourceDate "2015.09.11"]

1. d4 e6 2. c4 f5 3. Nf3 Nf6 4. g3 d6 5. b3 Be7 6. Bg2 O-O 7. O-O a5 8. Bb2 Ne4
9. Nbd2 Bf6 10. Nxe4 fxe4 11. Ne1 d5 12. f3 exf3 13. Nxf3 c5 14. cxd5 exd5 15.
Ba3 Na6 16. Rc1 b6 17. dxc5 bxc5 18. Bxc5 Nxc5 19. Rxc5 Qb6 20. Qxd5+ Be6 21.
Qc6 Qxc6 22. Rxc6 Bd5 23. Rd6 Bf7 24. e4 a4 25. Rd3 axb3 26. axb3 Ra3 27. e5
Be7 28. Nd2 Ra5 29. Re1 Be6 30. Nc4 Ra2 31. Rd2 Rxd2 32. Nxd2 Bb4 33. Re2 Bg4
34. Re4 Bc5+ 35. Kh1 Be6 36. Nc4 Rb8 37. Nd2 Rd8 38. Re2 Bb4 39. Nf1 Rd3 40.
Re3 Rxb3 41. Rxb3 Bxb3 42. Be4 Bc3 43. Ne3 Bxe5 44. Bd5+ 1/2-1/2

[Event "Südlohner SV 1 - SC Steinfurt 1"]
[Site "Regionalliga 2015/2016"]
[Date "2016.02.27"]
[Round "7.8"]
[White "Schmeing, Walter"]
[Black "Raue, Thorsten"]
[Result "1/2-1/2"]
[WhiteElo "2002"]
[BlackElo "1786"]
[PlyCount "80"]
[EventDate "2016.??.??"]
[SourceDate "2015.09.11"]

1. e4 Nc6 2. Nc3 Nf6 3. Nf3 d6 4. h3 e5 5. d4 exd4 6. Nxd4 Nxd4 7. Qxd4 Be6 8.
Be3 g6 9. Be2 Bg7 10. Qd2 O-O 11. Bh6 Re8 12. Bxg7 Kxg7 13. O-O-O Qe7 14. f4
Rad8 15. Bf3 c6 16. g4 d5 17. e5 Ne4 18. Bxe4 dxe4 19. Qe3 Bd5 20. g5 b5 21. h4
Qe6 22. h5 a5 23. Rdg1 b4 24. Nd1 Bxa2 25. Nf2 a4 26. Ng4 Qc4 27. Nf6 Bb3 28.
Rh2 a3 29. Nxe8+ Kf8 30. bxa3 bxa3 31. Qxb3 a2 32. Qa3+ Kxe8 33. Rhg2 Rb8 34.
hxg6 Rb1+ 35. Kd2 Qd4+ 36. Ke2 a1=Q 37. Qxa1 Qxa1 38. Rxb1 Qxb1 39. g7 Qxc2+
40. Kf1 Qd1+ 1/2-1/2

[Event "SF Olfen 1 - SK Münster 5"]
[Site "Verbandsliga 2015/2016"]
[Date "2016.03.05"]
[Round "7.1"]
[White "Austrup, David"]
[Black "Koke, Christoph"]
[Result "0-1"]
[WhiteElo "1956"]
[BlackElo "2070"]
[PlyCount "46"]
[EventDate "2016.??.??"]
[SourceDate "2015.09.20"]

1. e4 c6 2. d4 d5 3. exd5 cxd5 4. c4 Nf6 5. Nc3 Nc6 6. Bg5 dxc4 7. d5 Ne5 8.
Qd4 h6 9. Bf4 Ng6 10. Bg3 e6 11. Bxc4 exd5 12. Bxd5 Be7 13. O-O-O O-O 14. Qe3
Qa5 15. Nge2 Nxd5 16. Rxd5 Qa6 17. Nd4 Be6 18. Nxe6 fxe6 19. Rd3 Bg5 20. f4
Nxf4 21. Kc2 Nxd3 22. Qxd3 Qxd3+ 23. Kxd3 Rfd8+ 0-1

[Event "SF Olfen 1 - SK Münster 5"]
[Site "Verbandsliga 2015/2016"]
[Date "2016.03.05"]
[Round "7.2"]
[White "Bösel, Alexander"]
[Black "Hartmann, Steffen"]
[Result "1/2-1/2"]
[WhiteElo "1961"]
[BlackElo "1877"]
[PlyCount "48"]
[EventDate "2016.??.??"]
[SourceDate "2015.09.20"]

1. e4 c5 2. Nf3 e6 3. d4 cxd4 4. Nxd4 Nc6 5. Nc3 Qc7 6. Be2 Nf6 7. Be3 Bb4 8.
O-O O-O 9. Ndb5 Qb8 10. a3 Be7 11. f4 a6 12. Nd4 d6 13. g4 Nd7 14. Nf3 b5 15.
g5 f6 16. Qe1 fxg5 17. f5 Nde5 18. Nxg5 exf5 19. Nd5 Bxg5 20. Bxg5 Be6 21. Qd2
Qa7+ 22. Be3 Qf7 23. Rf2 Bxd5 24. exd5 Ne7 1/2-1/2

[Event "SF Olfen 1 - SK Münster 5"]
[Site "Verbandsliga 2015/2016"]
[Date "2016.03.05"]
[Round "7.3"]
[White "Stumpe, Danny"]
[Black "Beutelhoff, Josef"]
[Result "0-1"]
[WhiteElo "1708"]
[BlackElo "2037"]
[PlyCount "88"]
[EventDate "2016.??.??"]
[SourceDate "2015.09.20"]

1. e4 c5 2. c3 e6 3. d4 d5 4. exd5 exd5 5. Nf3 Nc6 6. Be2 Nf6 7. O-O Be7 8.
Nbd2 cxd4 9. Nxd4 Nxd4 10. cxd4 O-O 11. Nf3 Bf5 12. Qb3 Qc8 13. Bg5 Bc2 14. Qe3
Qe6 15. Ne5 Ne8 16. Bg4 f5 17. Bd1 Bxd1 18. Rfxd1 Bxg5 19. Qxg5 Nd6 20. Rac1
Rac8 21. Rxc8 Rxc8 22. Rc1 h6 23. Qe3 Rxc1+ 24. Qxc1 Qc8 25. Qc5 Qxc5 26. dxc5
Nc4 27. Nd3 Kf7 28. Kf1 Ke6 29. b3 Na3 30. Ke2 d4 31. h4 g5 32. hxg5 hxg5 33.
Kf3 Kd5 34. g3 a5 35. Ke2 Nc2 36. Nb2 Kxc5 37. Nc4 a4 38. Nd2 a3 39. Nc4 b5 40.
Ne5 Nb4 41. Kd2 Nxa2 42. Nd3+ Kd5 43. f3 Nc3 44. Kc2 Kd6 0-1

[Event "SF Olfen 1 - SK Münster 5"]
[Site "Verbandsliga 2015/2016"]
[Date "2016.03.05"]
[Round "7.4"]
[White "Grawunder, Jürgen"]
[Black "Sokolowski, Cyril"]
[Result "1/2-1/2"]
[WhiteElo "1969"]
[BlackElo "1725"]
[PlyCount "81"]
[EventDate "2016.??.??"]
[SourceDate "2015.09.20"]

1. b4 c6 2. e3 Nf6 3. Nf3 d5 4. c4 Bg4 5. Bb2 e6 6. a3 Bd6 7. cxd5 exd5 8. h3
Bh5 9. Be2 O-O 10. O-O Nbd7 11. Nc3 a6 12. Nd4 Bg6 13. f4 h6 14. Qe1 a5 15. b5
Rc8 16. bxc6 bxc6 17. a4 Qe7 18. Qc1 Rfe8 19. Ba6 Rc7 20. Nce2 Nc5 21. Nxc6
Rxc6 22. Bxf6 Qxf6 23. Bb5 Rcc8 24. Bxe8 Rxe8 25. Qc3 Bd3 26. Qxf6 gxf6 27.
Rfe1 Bxe2 28. Rxe2 Bxf4 29. Rb1 Bd6 30. Rb5 Nxa4 31. Rxa5 Nb6 32. Rf2 Re6 33.
Rb5 Be5 34. g4 d4 35. e4 Kg7 36. d3 Na4 37. Ra5 Nc3 38. Rb2 Re7 39. Ra8 Rd7 40.
Kg2 Kh7 41. Kf3 1/2-1/2

[Event "SF Olfen 1 - SK Münster 5"]
[Site "Verbandsliga 2015/2016"]
[Date "2016.03.05"]
[Round "7.5"]
[White "Bissen, Philippe"]
[Black "Engelkamp, Stephan"]
[Result "0-1"]
[WhiteElo "1681"]
[BlackElo "1897"]
[PlyCount "62"]
[EventDate "2016.??.??"]
[SourceDate "2015.09.20"]

1. d4 Nf6 2. c4 c5 3. Nf3 e6 4. e3 b6 5. Bd3 Bb7 6. O-O Qc7 7. h3 d6 8. Nc3 a6
9. a4 Nbd7 10. Re1 Rc8 11. Ng5 Be7 12. Nge4 O-O 13. Qc2 Rfe8 14. Nxf6+ Nxf6 15.
Bd2 h6 16. Rac1 Bf8 17. Ne4 Nd7 18. Ng3 Qb8 19. Qb3 Qa8 20. f3 Be7 21. Re2 Bh4
22. Ne4 Be7 23. Nf2 Nf6 24. Ng4 Nh5 25. Be1 cxd4 26. Qxb6 dxe3 27. Qxe3 Bg5 28.
Qf2 Bxc1 29. Qh4 Nf4 30. Nxh6+ gxh6 31. Rc2 Nxd3 0-1

[Event "SF Olfen 1 - SK Münster 5"]
[Site "Verbandsliga 2015/2016"]
[Date "2016.03.05"]
[Round "7.6"]
[White "Preuß, Richard"]
[Black "Baumann, Eva"]
[Result "1-0"]
[WhiteElo "1767"]
[BlackElo "1635"]
[PlyCount "107"]
[EventDate "2016.??.??"]
[SourceDate "2015.09.20"]

1. e4 e5 2. Nf3 Nc6 3. d4 exd4 4. Nxd4 Nf6 5. Nxc6 bxc6 6. Bd3 Bc5 7. O-O O-O
8. Bg5 d6 9. Re1 Qe7 10. Qf3 Bd4 11. c3 Be5 12. Nd2 h6 13. Bf4 Bxf4 14. Qxf4
Re8 15. Nf3 Bd7 16. h3 Rab8 17. b3 a5 18. Bc2 Be6 19. Nd4 Qd7 20. c4 c5 21. Nb5
Red8 22. Rad1 a4 23. e5 Ne8 24. exd6 cxd6 25. bxa4 d5 26. cxd5 Bxd5 27. Bb3 Nf6
28. Re5 Bxb3 29. Rxd7 Nxd7 30. axb3 Nxe5 31. Qxe5 Rbc8 32. Qe4 Re8 33. Qc4 Red8
34. Kh2 Rd2 35. f3 Rb2 36. Nd6 Rf8 37. Nf5 Rb1 38. Qg4 g6 39. Ne7+ Kg7 40. Qc4
h5 41. Qc2 Rf1 42. Qe2 Rb1 43. Qd3 Rc1 44. Qd2 Rb1 45. Qc2 Rf1 46. Qxc5 Rb1 47.
b4 Re8 48. b5 Kh7 49. a5 Rb8 50. b6 Kh6 51. Nc6 Rb7 52. Ne5 Kg7 53. Nc4 Ra1 54.
Qd4+ 1-0

[Event "SF Olfen 1 - SK Münster 5"]
[Site "Verbandsliga 2015/2016"]
[Date "2016.03.05"]
[Round "7.7"]
[White "Thomas, Wolfgang"]
[Black "Boenigk, Winfried"]
[Result "1-0"]
[WhiteElo "1738"]
[BlackElo "1751"]
[PlyCount "119"]
[EventDate "2016.??.??"]
[SourceDate "2015.09.20"]

1. e4 d6 2. d4 Nf6 3. Nc3 g6 4. f4 c5 5. d5 Bg7 6. Bd3 O-O 7. Nf3 Bg4 8. O-O a6
9. a4 Qc7 10. Kh1 Nbd7 11. a5 c4 12. Be2 b5 13. axb6 Nxb6 14. Nd2 Bxe2 15. Qxe2
Nfd7 16. Rf3 e6 17. dxe6 fxe6 18. h4 d5 19. exd5 exd5 20. Nxd5 Qd6 21. Nxb6
Nxb6 22. Nxc4 Nxc4 23. Qxc4+ Kh8 24. Qf1 Qf6 25. g3 Qf5 26. c3 Rfd8 27. Be3 a5
28. Kh2 Rab8 29. Rf2 Rd3 30. Re2 Bf6 31. Rae1 Qd7 32. Qh3 Qd5 33. Bc1 Rd1 34.
Qe6 Qxe6 35. Rxe6 Rxe1 36. Rxe1 a4 37. Re2 a3 38. bxa3 Bxc3 39. Ra2 Ba5 40. Bd2
Rb5 41. a4 Rd5 42. Bxa5 Rxa5 43. Kg2 Kg7 44. Kf3 Kf6 45. Ke4 Ke6 46. Ra3 Kd6
47. Kd4 Kc6 48. Kc4 Kb6 49. Kb4 Rf5 50. Re3 Rf7 51. Re6+ Kb7 52. Kb5 Rf5+ 53.
Re5 Rf7 54. a5 Rg7 55. Kc5 Rc7+ 56. Kd6 Rc3 57. Rg5 Rc6+ 58. Ke7 Rc7+ 59. Kf6
Ka6 60. h5 1-0

[Event "SF Olfen 1 - SK Münster 5"]
[Site "Verbandsliga 2015/2016"]
[Date "2016.03.05"]
[Round "7.8"]
[White "Heimann, Karsten"]
[Black "Nieder, Holger"]
[Result "1/2-1/2"]
[WhiteElo "1653"]
[BlackElo "1287"]
[PlyCount "42"]
[EventDate "2016.??.??"]
[SourceDate "2015.09.20"]

1. e4 e6 2. d4 d5 3. exd5 exd5 4. Bd3 Nf6 5. Nf3 c6 6. Bf4 Bd6 7. Bxd6 Qxd6 8.
c3 O-O 9. O-O Bg4 10. Re1 Nbd7 11. Nbd2 Rfe8 12. Qc2 Nf8 13. Ne5 N8d7 14. Ndf3
Bxf3 15. Nxf3 c5 16. Bf5 cxd4 17. Nxd4 g6 18. Bd3 Nc5 19. Bb5 Rxe1+ 20. Rxe1 a6
21. Bf1 Re8 1/2-1/2

[Event "SF Beelen 1 - SG Ahaus-Wessum 1"]
[Site "Verbandsliga 2015/2016"]
[Date "2016.03.05"]
[Round "7.1"]
[White "Schulze Ameling, Hendrik"]
[Black "Hofene, Dieter"]
[Result "0-1"]
[WhiteElo "2009"]
[BlackElo "1973"]
[PlyCount "76"]
[EventDate "2016.??.??"]
[SourceDate "2015.09.20"]

1. d4 Nf6 2. Nc3 d5 3. Bf4 c6 4. e3 Bf5 5. f3 Qb6 6. Bd3 Bxd3 7. Qxd3 e6 8.
Nge2 Qa6 9. Qd2 Nbd7 10. O-O Nh5 11. Bg5 h6 12. Bh4 g5 13. Bf2 Bd6 14. e4 O-O-O
15. e5 Be7 16. a4 Bb4 17. Qe3 Nb6 18. Na2 Be7 19. b3 Nd7 20. b4 Qc4 21. b5 c5
22. c3 Ng7 23. Rfc1 Kb8 24. Qd2 h5 25. Qb2 Nf5 26. a5 g4 27. f4 h4 28. dxc5 g3
29. Bd4 Nxc5 30. Nb4 Nd3 31. Nxd3 gxh2+ 32. Kxh2 Qxd3 33. Bxa7+ Kxa7 34. b6+
Kb8 35. a6 h3 36. g3 Qf3 37. Ng1 Qxg3+ 38. Kh1 Qxf4 0-1

[Event "SF Beelen 1 - SG Ahaus-Wessum 1"]
[Site "Verbandsliga 2015/2016"]
[Date "2016.03.05"]
[Round "7.2"]
[White "Cigelski, Rudolf"]
[Black "Rosing, Hermann"]
[Result "1-0"]
[WhiteElo "1780"]
[BlackElo "1950"]
[PlyCount "99"]
[EventDate "2016.??.??"]
[SourceDate "2015.09.20"]

1. d4 f5 2. c4 Nf6 3. Nc3 g6 4. g3 Bg7 5. Bg2 d6 6. Bg5 c6 7. h4 h6 8. Bf4 O-O
9. Nf3 Qe8 10. Qd2 Ng4 11. d5 c5 12. Rb1 Na6 13. O-O Bd7 14. e4 fxe4 15. Nxe4
Bf5 16. Nh2 Nxh2 17. Kxh2 Kh7 18. Rbe1 Qf7 19. f3 Bd7 20. Nf2 Rae8 21. Ng4 h5
22. Nf2 Bf6 23. Ne4 Qg7 24. Ng5+ Bxg5 25. Bxg5 e6 26. f4 exd5 27. Bxd5 Nb4 28.
Bxb7 Nc6 29. Qg2 Nd4 30. Bd5 Bg4 31. Qd2 Nf5 32. b3 Nd4 33. Rxe8 Rxe8 34. Re1
Qd7 35. b4 Bf3 36. Re3 Bxd5 37. cxd5 Qg4 38. Qf2 Rxe3 39. Qxe3 Nf5 40. Qf2 Nd4
41. bxc5 Nf3+ 42. Kg2 Nxg5 43. fxg5 Qe4+ 44. Qf3 Qc2+ 45. Kh3 Qxc5 46. Qf7+ Kh8
47. Qf8+ Kh7 48. Qh6+ Kg8 49. Qxg6+ Kf8 50. Qf5+ 1-0

[Event "SF Beelen 1 - SG Ahaus-Wessum 1"]
[Site "Verbandsliga 2015/2016"]
[Date "2016.03.05"]
[Round "7.3"]
[White "Woltering, Martin"]
[Black "Hanewinkel, Winfried"]
[Result "0-1"]
[WhiteElo "1743"]
[BlackElo "1895"]
[PlyCount "63"]
[EventDate "2016.??.??"]
[SourceDate "2015.09.20"]

1. e4 d5 2. d4 dxe4 3. Nc3 Nf6 4. f3 Bf5 5. fxe4 Nxe4 6. Qf3 Nd6 7. Bf4 e6 8.
O-O-O Nd7 9. g4 Bg6 10. Nge2 Be7 11. Ng3 Bg5 12. Kb1 Qf6 13. Nge2 h5 14. Bg2
Bxf4 15. Nxf4 hxg4 16. Qxg4 Rh4 17. Qe2 Rxf4 18. Nd5 Qh4 19. Nxf4 Qxf4 20. Rhf1
Qg5 21. Rg1 Bh5 22. Bf3 Bxf3 23. Qxf3 Qf5 24. Qe3 g6 25. Rg5 Qe4 26. Qc3 O-O-O
27. Ra5 Kb8 28. a4 Qe2 29. Kc1 Qxh2 30. b4 Qe2 31. Rd3 Rh8 32. Rh3 0-1

[Event "SF Beelen 1 - SG Ahaus-Wessum 1"]
[Site "Verbandsliga 2015/2016"]
[Date "2016.03.05"]
[Round "7.4"]
[White "Wältermann, Thomas"]
[Black "Kemper, Josef"]
[Result "0-1"]
[WhiteElo "1777"]
[BlackElo "1828"]
[PlyCount "78"]
[EventDate "2016.??.??"]
[SourceDate "2015.09.20"]

1. e4 e5 2. f4 d6 3. Nf3 Nc6 4. Bc4 g6 5. O-O Bg7 6. fxe5 dxe5 7. Bxf7+ Kxf7 8.
Nxe5+ Ke8 9. Nxc6 bxc6 10. c3 Ba6 11. Rf3 Bd3 12. b3 Nh6 13. Ba3 Nf7 14. Re3
Ne5 15. Bc5 Bh6 16. Rh3 Bf8 17. Bd4 Bd6 18. Na3 Rf8 19. Nc4 Rf1+ 20. Qxf1 Bxf1
21. Bxe5 Bxc4 22. Bxd6 cxd6 23. Rxh7 Bg8 24. Rg7 Bf7 25. Rf1 Qe7 26. Rh7 Qf8
27. Rf3 Qg8 28. Rfh3 Ke7 29. Kf2 Rf8 30. Ke3 Kd7 31. d4 Kc7 32. R7h4 g5 33. Rh6
Be8 34. Rh7+ Kb6 35. Re7 Rf7 36. Rxf7 Qxf7 37. Rf3 Qe7 38. Rg3 Bh5 39. c4 Qf6
0-1

[Event "SF Beelen 1 - SG Ahaus-Wessum 1"]
[Site "Verbandsliga 2015/2016"]
[Date "2016.03.05"]
[Round "7.5"]
[White "ter Horst, Carsten"]
[Black "Fuisting, Dominik"]
[Result "1-0"]
[WhiteElo "1832"]
[BlackElo "1772"]
[PlyCount "39"]
[EventDate "2016.??.??"]
[SourceDate "2015.09.20"]

1. e4 c6 2. d4 d5 3. e5 Bf5 4. Nf3 e6 5. Be2 Ne7 6. Be3 Nd7 7. O-O c5 8. dxc5
Nc6 9. c4 dxc4 10. Na3 c3 11. Qb3 cxb2 12. Qxb2 Rb8 13. Rfd1 a6 14. Nc4 Qc8 15.
Rxd7 Qxd7 16. Rd1 Qc7 17. Nd6+ Bxd6 18. exd6 Qd7 19. Qxg7 Rf8 20. Bh6 1-0

[Event "SF Beelen 1 - SG Ahaus-Wessum 1"]
[Site "Verbandsliga 2015/2016"]
[Date "2016.03.05"]
[Round "7.7"]
[White "Messelink, Gerrit"]
[Black "Schemmann, Bernhard"]
[Result "1/2-1/2"]
[WhiteElo "1733"]
[BlackElo "1856"]
[PlyCount "48"]
[EventDate "2016.??.??"]
[SourceDate "2015.09.20"]

1. e4 e5 2. Nf3 Nc6 3. Bb5 a6 4. Bxc6 dxc6 5. O-O Bg4 6. h3 h5 7. d3 Qf6 8. Be3
Bxf3 9. Qxf3 Qxf3 10. gxf3 O-O-O 11. Nc3 Be7 12. Rad1 f5 13. f4 exf4 14. Bxf4
g5 15. Be5 Rh7 16. exf5 Rf7 17. d4 Rxf5 18. Ne4 h4 19. f4 gxf4 20. Bxf4 c5 21.
Be3 Rxf1+ 22. Kxf1 cxd4 23. Rxd4 Rf8+ 24. Ke2 Re8 1/2-1/2